000
00275nam a2200109Ia 4500
008
171211s9999 xx 000 0 und d
245
_a
CSS Text
245
_c
Eric A. Meyer
260
_c
2013
650
_x
Web Development
856
_u
http://down.ebook777.com/003/CSSText.pdf
999
_c
350129
_d
350129